Image super-resolution and applications / (Record no. 211243)
[ view plain ]
| 000 -LEADER | |
|---|---|
| fixed length control field | 01312 a2200241 4500 |
| 003 - CONTROL NUMBER IDENTIFIER | |
| control field | Nust |
| 005 - DATE AND TIME OF LATEST TRANSACTION | |
| control field | 20221115101538.0 |
| 010 ## - LIBRARY OF CONGRESS CONTROL NUMBER | |
| LC control number | 2012032572 |
| 020 ## - INTERNATIONAL STANDARD BOOK NUMBER | |
| International Standard Book Number | 9781466557963 (hardback) |
| 040 ## - CATALOGING SOURCE | |
| Transcribing agency | Nust |
| 082 00 - DEWEY DECIMAL CLASSIFICATION NUMBER | |
| Classification number | 621.367,SAM |
| 100 1# - MAIN ENTRY--PERSONAL NAME | |
| Personal name | El-Samie, Fathi E. Abd. |
| 9 (RLIN) | 102598 |
| 245 10 - TITLE STATEMENT | |
| Title | Image super-resolution and applications / |
| Statement of responsibility, etc. | Fathi E. Abd El-Samie. |
| 300 ## - PHYSICAL DESCRIPTION | |
| Extent | xiv, 488 pages : |
| Other physical details | illustrations ; |
| Dimensions | 24 cm |
| 505 ## - FORMATTED CONTENTS NOTE | |
| Formatted contents note | Introduction (Page-1), Polynomial Image Interpolation (Page,5), Adaptive Polynomial Image Interpolation (Page-19), Neural Modeling of Polynomial Image Interpolation (Page-69), Color Image Interpolation (Page-89), Image Interpolation for Pattern Recognition (Page-99), Image Interpolation as Inverse Problem (Page-161), Image Registration (Page-195), Image Fusion (Page-205), Super-Resolution with a Project Information (Page-267), Blind Super –Resolution Reconstruction of Images(Page-293). |
| 650 #0 - SUBJECT ADDED ENTRY--TOPICAL TERM | |
| Topical term or geographic name entry element | COMPUTERS / Computer Graphics |
| 9 (RLIN) | 2866 |
| 650 #0 - SUBJECT ADDED ENTRY--TOPICAL TERM | |
| Topical term or geographic name entry element | Image reconstruction. |
| 9 (RLIN) | 102599 |
| 650 #0 - SUBJECT ADDED ENTRY--TOPICAL TERM | |
| Topical term or geographic name entry element | Interpolation. |
| 9 (RLIN) | 102600 |
| 650 #0 - SUBJECT ADDED ENTRY--TOPICAL TERM | |
| Topical term or geographic name entry element | TECHNOLOGY & ENGINEERING / Imaging Systems |
| 9 (RLIN) | 102601 |
| 650 #0 - SUBJECT ADDED ENTRY--TOPICAL TERM | |
| Topical term or geographic name entry element | Telecommunication Engineering |
| 856 42 - ELECTRONIC LOCATION AND ACCESS | |
| Materials specified | Cover image |
| Uniform Resource Identifier | <a href="http://jacketsearch.tandf.co.uk/common/jackets/covers/websmall/978146655/9781466557963.jpg">http://jacketsearch.tandf.co.uk/common/jackets/covers/websmall/978146655/9781466557963.jpg</a> |
| 942 ## - ADDED ENTRY ELEMENTS (KOHA) | |
| Source of classification or shelving scheme | |
| Koha item type | Book |
| Withdrawn status | Lost status | Source of classification or shelving scheme | Damaged status | Not for loan | Permanent Location | Current Location | Shelving location | Date acquired | Full call number | Barcode | Date last seen | Price effective from | Koha item type | Public note |
|---|---|---|---|---|---|---|---|---|---|---|---|---|---|---|
| Military College of Signals (MCS) | Military College of Signals (MCS) | General Stacks | 12/12/2016 | 621.367,SAM | MCS37121 | 12/08/2016 | 12/12/2016 | Book | Almirah No.30, Shelf No.3 |
